000 01136cam a2200325 i 4500
001 33098
005 20230410105442.0
008 790314s1976 mx b 000 0 spa
035 _9(DLC) 78101558
035 _a377975
010 _a78101558
040 _aDLC
_cDLC
_dDLC
041 1 _aspaita
043 _acl-----
050 1 4 _aHC 125
_bC287f 1976
082 0 0 _a330.9/8/003
100 1 _aCarmagnani, Marcello.
245 1 0 _aFormación y crisis de un sistema feudal :
_bAmérica Latina del siglo XVI a nuestros días /
_cpor Marcello Carmagnani ; traducción de Félix Blanco.
250 _a1. ed. en español.
260 _aMéxico :
_bSiglo Veintiuno Editores,
_c1976.
300 _a284 p. ;
_c18 cm.
500 _aTitulo original. : L'América Latina del 500 a oggi, nascita, espansione e crisi di un sistema feudale.
504 _aBibliography: p. 255-281.
651 0 _aLatin America
_xEconomic conditions.
650 0 _aFeudalism
_zLatin America.
650 4 _aFeudalismo
_zAmérica Latina.
651 4 _aAmérica Latina
_xHistoria.
651 4 _aAmérica Latina
_xCondiciones económicas.
942 _2lcc
_cbk
999 _c37004
_d37004